000 00578nam a2200205Ia 4500
005 20240402115625.0
008 131103s9999 xx 000 0 und d
040 _aLoreto College
041 _aEnglish
082 _a420.7
_bVEN
100 _aVenkateswaran, S.
245 _aPrinciples of teaching English
_cS.Venkateswaran
260 _aNew Delhi
_bVikas Publishing House
_c1998
300 _aviii,265p.
504 _aIncludes appendex and refarences
650 _aEnglish method
651 _aEnglish Language
_vTeaching and learning
850 _aLCBED
942 _cBK
999 _c27565
_d78044